[Event "Dzhubga Blitz op"]
[Site "Dzhubga"]
[Date "2023.08.13"]
[Round "8"]
[White "Hasangatin, Ramil"]
[Black "Kornienko, Konstantin"]
[Result "1-0"]
[WhiteElo "2444"]
[BlackElo "2022"]
[PlyCount "119"]
[EventDate "2023.08.13"]
[EventType "swiss (blitz)"]
[EventRounds "13"]
[EventCountry "RUS"]
[SourceTitle "CBM 215 Extra"]
[Source "ChessBase"]
[SourceDate "2023.09.30"]
[SourceVersion "1"]
[SourceVersionDate "2023.09.30"]
[SourceQuality "1"]

1. c4 g6 2. Nc3 Bg7 3. g3 d6 4. Bg2 e5 5. d3 Ne7 6. e4 0-0 7. Nge2 c5 8. f4 f5 9. fxe5 dxe5 10. Nd5 fxe4 11. Bxe4 Nbc6 12. Be3 Qd6 13. Qd2 Nf5 14. 0-0 Be6 15. Rae1 Nxe3 16. Qxe3 Nd4 17. Nxd4 exd4 18. Qg5 Bxd5 19. Qxd5+ Qxd5 20. Bxd5+ Kh8 21. Bxb7 Rxf1+ 22. Kxf1 Rf8+ 23. Kg2 Bh6 24. Re5 Be3 25. Bf3 Rc8 26. h4 Rc7 27. g4 Kg7 28. g5 h6 29. gxh6+ Kxh6 30. Re6 Kg7 31. Be4 Rf7 32. Rxg6+ Kf8 33. Bf3 Bc1 34. b3 Re7 35. Be4 Ke8 36. Kf3 Rf7+ 37. Kg3 Rf1 38. Rc6 Be3 39. Rxc5 Ke7 40. Rc7+ Ke6 41. Rxa7 Rg1+ 42. Kf3 Rf1+ 43. Kg4 Rf4+ 44. Kg3 Rf1 45. Ra6+ Ke5 46. Ra5+ Ke6 47. Bd5+ Kd6 48. Be4 Rg1+ 49. Kf3 Rf1+ 50. Kg4 Rg1+ 51. Kh5 Rg3 52. c5+ Ke5 53. c6+ Kd6 54. Rd5+ Kc7 55. Rd7+ Kc8 56. Rf7 Rg8 57. Bf5+ Kd8 58. c7+ Ke8 59. c8Q+ Kxf7 60. Be6+ 1-0

[Event "Dzhubga Blitz op"]
[Site "Dzhubga"]
[Date "2023.08.13"]
[Round "11"]
[White "Kornienko, Konstantin"]
[Black "Petrosyan, Gaspar"]
[Result "1-0"]
[WhiteElo "2022"]
[BlackElo "1718"]
[PlyCount "61"]
[EventDate "2023.08.13"]
[EventType "swiss (blitz)"]
[EventRounds "13"]
[EventCountry "RUS"]
[SourceTitle "CBM 215 Extra"]
[Source "ChessBase"]
[SourceDate "2023.09.30"]
[SourceVersion "1"]
[SourceVersionDate "2023.09.30"]
[SourceQuality "1"]

1. d4 g6 2. Nf3 Bg7 3. g3 d6 4. Bg2 Nd7 5. 0-0 e5 6. e4 Ngf6 7. Re1 0-0 8. c4 exd4 9. Nxd4 Nc5 10. Nc3 Re8 11. f3 h6 12. Be3 Ne6 13. Qd2 Kh7 14. Rad1 a5 15. Nd5 Bd7 16. b3 Bc6 17. Nxc6 bxc6 18. Nxf6+ Qxf6 19. f4 Ra6 20. Bf2 Qc3 21. Qxc3 Bxc3 22. Re2 Rb8 23. Rc2 Bg7 24. e5 dxe5 25. fxe5 Bxe5 26. Rd7 Kg7 27. Re2 Kf6 28. Be3 Nf8 29. Rf2+ Ke6 30. Rdxf7 Bd6 31. Bd4 1-0

[Event "Dzhubga Blitz op"]
[Site "Dzhubga"]
[Date "2023.08.13"]
[Round "3"]
[White "Kornienko, Konstantin"]
[Black "Smirnov, Pavel"]
[Result "0-1"]
[WhiteElo "2022"]
[BlackElo "2538"]
[PlyCount "92"]
[EventDate "2023.08.13"]
[EventType "swiss (blitz)"]
[EventRounds "13"]
[EventCountry "RUS"]
[SourceTitle "CBM 215 Extra"]
[Source "ChessBase"]
[SourceDate "2023.09.30"]
[SourceVersion "1"]
[SourceVersionDate "2023.09.30"]
[SourceQuality "1"]

1. d4 Nf6 2. Nf3 d5 3. c4 e6 4. g3 Be7 5. Bg2 0-0 6. 0-0 c6 7. Qc2 b6 8. Nbd2 Bb7 9. e4 Na6 10. e5 dxc4 11. a3 Nd5 12. Nxc4 c5 13. Rd1 Rc8 14. dxc5 Nxc5 15. Ne3 Qe8 16. Nxd5 Bxd5 17. Qe2 Nb3 18. Rb1 Qa4 19. Bf4 Be4 20. h4 Bxb1 21. Rxb1 Qc4 22. Qe1 Rfd8 23. Bg5 Bxg5 24. Nxg5 Qc1 25. Kh2 Qxe1 26. Rxe1 Rd2 27. Ne4 Rxb2 28. Rd1 Nc5 29. Nd6 Rd8 30. f4 Ne4 31. Rc1 Nxd6 32. exd6 Rd2 33. Rc7 R2xd6 34. Rxa7 g6 35. Kh3 Kg7 36. a4 Rd4 37. Bc6 Rc8 38. Bb5 Rc3 39. Be8 Rxf4 40. Kg2 Rff3 41. g4 Rg3+ 42. Kf2 Rcf3+ 43. Ke2 Rf4 44. g5 Rh3 45. Ra6 Rhxh4 46. Rxb6 Rxa4 0-1

[Event "Dzhubga Rapid op"]
[Site "Dzhubga"]
[Date "2023.08.11"]
[Round "8"]
[White "Kornienko, Konstantin"]
[Black "Petrov, Alexander3333"]
[Result "1/2-1/2"]
[WhiteElo "2022"]
[BlackElo "1945"]
[PlyCount "63"]
[EventDate "2023.08.10"]
[EventType "swiss (rapid)"]
[EventRounds "11"]
[EventCountry "RUS"]
[SourceTitle "CBM 215 Extra"]
[Source "ChessBase"]
[SourceDate "2023.09.30"]
[SourceVersion "1"]
[SourceVersionDate "2023.09.30"]
[SourceQuality "1"]

1. d4 Nf6 2. Nf3 e6 3. c4 d5 4. g3 c5 5. Bg2 Nc6 6. 0-0 Be7 7. cxd5 exd5 8. Nc3 0-0 9. Bg5 c4 10. Ne5 Be6 11. Bxf6 Bxf6 12. Nxc4 Bxd4 13. Nd2 Bb6 14. e3 d4 15. exd4 Qxd4 16. Nde4 Rad8 17. Kh1 Bc4 18. Qxd4 Bxd4 19. Rfd1 f5 20. Nd2 Bf7 21. Nf3 Bxf2 22. Ng5 Bd4 23. Nxf7 Kxf7 24. Nd5 Rd7 25. Rf1 g6 26. Rae1 Re8 27. Rxe8 Kxe8 28. Re1+ Kf7 29. Nf4 Re7 30. Rd1 Bxb2 31. Bd5+ Kg7 32. Bb3 1/2-1/2

[Event "Sochi Lobanov Memorial Blitz"]
[Site "Sochi"]
[Date "2021.06.26"]
[Round "11"]
[White "Kurchenko, Egor"]
[Black "Kornienko, Konstantin"]
[Result "0-1"]
[WhiteElo "2068"]
[BlackElo "1514"]
[PlyCount "77"]
[EventDate "2021.06.26"]
[EventType "swiss (blitz)"]
[EventRounds "13"]
[EventCountry "RUS"]
[SourceTitle "CBM 203 Extra"]
[Source "ChessBase"]
[SourceDate "2021.09.30"]
[SourceVersion "1"]
[SourceVersionDate "2021.09.30"]
[SourceQuality "1"]

1. e4 c5 2. Nf3 Nc6 3. d4 cxd4 4. Nxd4 Nf6 5. Nc3 e5 6. Ndb5 d6 7. Bg5 Be6 8. Nd5 Bxd5 9. exd5 Ne7 10. Bxf6 gxf6 11. c4 a6 12. Nc3 Bg7 13. Be2 0-0 14. 0-0 f5 15. f4 Kh8 16. fxe5 dxe5 17. Kh1 Qd7 18. d6 Nc6 19. c5 Nd4 20. Nd5 Qc6 21. Nb6 Rad8 22. Rc1 Bh6 23. Rc3 Bg7 24. Bh5 e4 25. Rc4 e3 26. Rxd4 Qxc5 27. Rd5 Qxb6 28. Rfxf5 f6 29. Bf3 Qxb2 30. Qe1 Rfe8 31. Rh5 Qf2 32. Qb1 h6 33. d7 Re7 34. Rd1 Rexd7 35. Rf1 Qd2 36. Qe1 Re7 37. h3 Re5 38. Rxe5 fxe5 39. Qh4 0-1

[Event "Sochi Lobanov Memorial Rapid"]
[Site "Sochi"]
[Date "2021.06.25"]
[Round "8"]
[White "Mikhailovsky, Vladimir"]
[Black "Kornienko, Konstantin"]
[Result "1-0"]
[WhiteElo "2197"]
[BlackElo "1514"]
[PlyCount "71"]
[EventDate "2021.06.24"]
[EventType "swiss (rapid)"]
[EventRounds "9"]
[EventCountry "RUS"]
[SourceTitle "CBM 203 Extra"]
[Source "ChessBase"]
[SourceDate "2021.09.30"]
[SourceVersion "1"]
[SourceVersionDate "2021.09.30"]
[SourceQuality "1"]

1. e4 c5 2. d4 cxd4 3. c3 dxc3 4. Nxc3 Nc6 5. Nf3 e6 6. Bc4 Bc5 7. 0-0 h6 8. e5 d5 9. exd6 Qxd6 10. Qe2 Nf6 11. Rd1 Qe7 12. Bf4 0-0 13. a3 Rd8 14. Rxd8+ Nxd8 15. Ne5 b6 16. Rd1 Bb7 17. b4 Bd6 18. Ng6 fxg6 19. Bxd6 Qf7 20. Nb5 Nd5 21. Bg3 Kh7 22. Nd6 Qd7 23. Bd3 Nc3 24. Qg4 Kg8 25. Qxg6 Nf7 26. Nxf7 Qxf7 27. Qh7+ Kf8 28. Bd6+ Ke8 29. Bg6 Kd7 30. Bxf7 Nxd1 31. Qd3 Bd5 32. Be5 Rf8 33. Qxd1 Rxf7 34. Qc2 Kd8 35. f3 Rf5 36. Qc7+ 1-0